000 00413nam a2200169Ia 4500
008 230524s9999 xx 000 0 und d
082 _a539
_bBAS
100 _aMochiram Das
245 0 _aIntroduction to Quantum Mechanics
250 _a2ND
260 _aNEW DELHI
_bKitab Mahal
_c2005
300 _a392
500 _aQuantity Number: 4
650 _aPhysics
700 _a Prasanta Kumar Jena
942 _cBK
999 _c14803
_d14803